书目信息 |
| 题名: |
家用燃气设施定期安全检查手册
|
|
| 作者: | 黄智 主编 ;港华投资有限公司 , 中国城市燃气协会 组织编写 | |
| 分册: | ||
| 出版信息: | 北京 中国建筑工业出版社 2007.12 |
|
| 页数: | 13, 161页 | |
| 开本: | 24cm | |
| 丛书名: | ||
| 单 册: | ||
| 中图分类: | TU996.8-62 | |
| 科图分类: | ||
| 主题词: | 燃气设备--ran qi she bei--安全检查--手册 | |
| 电子资源: | ||
| ISBN: | 978-7-112-09696-1 | |
| 000 | 01355nam0 2200313 450 | |
| 001 | 012009475814 | |
| 005 | 20091128155928.81 | |
| 010 | @a978-7-112-09696-1@dCNY38.00 (含光盘) | |
| 016 | @aCN-A27-07-0012-0@b光盘 | |
| 100 | @a20091128d2007 em y0chiy0120 ea | |
| 101 | 0 | @achi |
| 102 | @aCN@b110000 | |
| 105 | @aa a 000yy | |
| 106 | @ar | |
| 200 | 1 | @a家用燃气设施定期安全检查手册@Ajia yong ran qi she shi ding qi an quan jian cha shou ce@f港华投资有限公司, 中国城市燃气协会组织编写@Fgang hua tou zi you xian gong si,zhong guo cheng shi ran qi xie hui zu zhi bian xie |
| 210 | @a北京@c中国建筑工业出版社@d2007.12 | |
| 215 | @a13, 161页@c图@d24cm@e光盘1片 | |
| 312 | @a英文并列题名取自于封面 | |
| 314 | @a书中题: 黄智主编 | |
| 320 | @a有书目 (第161页) | |
| 330 | @a本手册总结了香港中华煤气和港华燃气在定期安检工作方面的成功经验,主要内容有:定期安全检查工作的组织策划、检查的内容和步骤、检查后的总结等。 | |
| 510 | @aRegular safety inspection handbook for domestic gas appliances@zeng | |
| 606 | 0 | @a燃气设备@Aran qi she bei@x安全检查@j手册 |
| 690 | @aTU996.8-62@v4 | |
| 701 | 0 | @a黄智@Ahuang zhi@4主编 |
| 712 | 02 | @a港华投资有限公司@Agang hua tou zi you xian gong si@4组织编写 |
| 712 | 02 | @a中国城市燃气协会@Azhong guo cheng shi ran qi xie hui@4组织编写 |
| 801 | 0 | @aCN@bQSSK@c20091128 |
| 905 | @b767970-74@dTU996.8-62@eH923@f5 | |
| 家用燃气设施定期安全检查手册/港华投资有限公司, 中国城市燃气协会组织编写.-北京:中国建筑工业出版社,2007.12 |
| 13, 161页:图;24cm+光盘1片 |
| ←并列题名:Regular safety inspection handbook for domestic gas appliances |
| ISBN 978-7-112-09696-1:CNY38.00 (含光盘) |
| 本手册总结了香港中华煤气和港华燃气在定期安检工作方面的成功经验,主要内容有:定期安全检查工作的组织策划、检查的内容和步骤、检查后的总结等。 |
| ● |
| 相关链接 |
|
|
|
正题名:家用燃气设施定期安全检查手册
索取号:TU996.8-62/H923
 
预约/预借
| 序号 | 登录号 | 条形码 | 馆藏地/架位号 | 状态 | 备注 |
| 1 | 767970 | 207679706 | 建筑库201/201建筑库 138排1列3层/ [索取号:TU996.8-62/H923] | 在馆 | |
| 2 | 767971 | 207679715 | 建筑库201/201建筑库 138排1列3层/ [索取号:TU996.8-62/H923] | 在馆 | |
| 3 | 767972 | 207679724 | 建筑库201/201建筑库 138排1列3层/ [索取号:TU996.8-62/H923] | 在馆 | |
| 4 | 767973 | 207679733 | 建筑库201/201建筑库 138排1列3层/ [索取号:TU996.8-62/H923] | 在馆 | |
| 5 | 767974 | 207679742 | 建筑库201/201建筑库 138排1列3层/ [索取号:TU996.8-62/H923] | 在馆 |